Jala Brat ft. Buba Corelli Rosalia lyrics - Statistics

General Stats
  • This quiz has been taken 24 times
  • The average score is 145 of 257
Answer Stats
Answer % Correct
N
95%
Na
95%
S
95%
A
89%
Ne
84%
Si
84%
Ti
84%
Da
79%
I
79%
Je
79%
Ko
79%
Mi
79%
Pa
79%
Bog
74%
Dupe
74%
Martinija
74%
Nakon
74%
Namirisan
74%
Nas
74%
Nek
74%
Njen
74%
Njeno
74%
Par
74%
Pitam
74%
Rosalia
74%
Sam
74%
Skeniram
74%
Sto
74%
Tijelo
74%
U
74%
Za
74%
Zalizan
74%
Zna
74%
Znas
74%
Duh
68%
Finija
68%
Ginisa
68%
Gun
68%
Krimi
68%
Lijepa
68%
Maltretiram
68%
Nemiran
68%
Pun
68%
Repere
68%
Se
68%
Sve
68%
Deliriju
63%
Geto
63%
Ghetto
63%
Keširam
63%
Kiriju
63%
Linija
63%
Ona
63%
Pepsi
63%
Plaća
63%
Stol
63%
Tvoj
63%
Be
58%
Bebo
58%
Cijene
58%
Decko
58%
Desila
58%
Eksiram
58%
Mami
58%
Me
58%
Nove
58%
Oko
58%
Pare
58%
Repetiran
58%
Samo
58%
Su
58%
Suze
58%
Tuzna
58%
Vozi
58%
Al
53%
Bike
53%
Braca
53%
Cujem
53%
Đavoli
53%
Dođe
53%
Dodiruju
53%
Guzu
53%
Ima
53%
Kao
53%
Kešu
53%
Nekad
53%
Tesko
53%
Vidim
53%
Anđeli
47%
Dođem
47%
Greskom
47%
Hoce
47%
Nike
47%
Rollie
47%
Sija
47%
Skine
47%
Zmija
47%
AMG
42%
Džek
42%
Hype
42%
Miruju
42%
Back
37%
Meni
37%
Nicki
37%
Pojasom
37%
Refleksija
37%
Sexy
37%
Uvijek
37%
Beba
32%
Prvu
32%
Crnom
26%
Daddy
26%
Gram
26%
Kinky
26%
Volim
26%
Zaledi
26%
Zglob
26%
Baby
21%
Beks
21%
Flexy
21%
Freaky
21%
Sat
21%
Sticky
21%
Blicky
16%
Sad
16%
Snijeg
16%
Svaki
16%
Svi
16%
Topi
16%
Volan
16%
Zovu
16%
Backseat
11%
Dead
11%
Duga
11%
Fact
11%
Ledi
11%
Napunim
11%
Noc
11%
Walking
11%
Bag
5%
Don
5%
Hipe
5%
Kešom
5%
Kitzbühel
5%
Like
5%
My
5%
Thats
5%
F-ing
0%
Kelly
0%
Ledim
0%
Load
0%
Lock
0%
Stuntin'
0%
Vječni
0%
No matching quizzes found
Score Distribution
Percent of People with Each Score
Percentile by Number Answered
Your Score History
You have not taken this quiz